| 000 | 01107cam a22003011 4500 | ||
|---|---|---|---|
| 001 | 18055 | ||
| 003 | BD-RjUL | ||
| 005 | 20211209000230.0 | ||
| 008 | 140219s1965 enka 001 0 eng | ||
| 035 | _a(BD-RjUL)18113 | ||
| 035 | _a(OCoLC)4395960 | ||
| 040 |
_aDLC _cOKentU _dOCoLC _dDLC _dBD-RjUL _beng |
||
| 041 | _aeng | ||
| 082 |
_a821.1 _bCHW |
||
| 100 | 1 |
_aChaucer, Geoffrey, _d-1400. _928465 |
|
| 245 | 1 | 4 |
_aThe works of Geoffrey Chaucer / _ced. by Alfred W. Pollard, H. Frank Heath, Mark H. Liddell, W.S. McCormick. |
| 260 |
_aLondon ; _bMacmillan and Co., limited; _aNew York : _bThe Macmillan Company, _c1965. |
||
| 300 |
_alvi, 771, p. ; _c20 cm. |
||
| 500 | _aAt head of title: The globe edition. | ||
| 504 | _aIncludes index. | ||
| 650 |
_aChaucer, Geoffrey, -- m. 1400 -- Critique et interprétation. _9165165 |
||
| 700 | 1 |
_aPollard, Alfred W. _q(Alfred William), _d1859-1944, _9239824 |
|
| 700 | 1 |
_aHeath, Henry Frank, _d1863- _9239825 |
|
| 700 | 1 |
_aLiddell, Mark Harvey, _9239826 |
|
| 700 | 1 |
_aM'Cormick, William Symington, _d1859-1930, _9239827 |
|
| 942 |
_2ddc _cBK |
||
| 999 |
_c18055 _d18055 |
||